书目信息 |
| 题名: |
精细化学品配方
|
|
| 作者: | 李东光 , 翟怀风 主编 ;李桂芝 编著 | |
| 分册: | 二 | |
| 出版信息: | 南京 江苏科学技术出版社 2004.01 |
|
| 页数: | 610页 | |
| 开本: | 21cm | |
| 丛书名: | ||
| 单 册: | ||
| 中图分类: | TQ072 | |
| 科图分类: | ||
| 主题词: | 精细化工--化工产品--配方 , 精细化工 , 化工产品 , 配方 | |
| 电子资源: | ||
| ISBN: | 7-5345-3891-2 | |
| 000 | 00905nam0 2200289 45 | |
| 001 | 012003000000 | |
| 005 | 20050620092322.90 | |
| 010 | @a7-5345-3891-2@dCNY 38.00 | |
| 100 | @a20031219d2004 em y0chiy0121 ea | |
| 101 | 0 | @achi |
| 102 | @aCN@b320000 | |
| 105 | @ay z 000yy | |
| 200 | 1 | @a精细化学品配方@Ajing xi hua xue pin pei fang@h二@f李东光, 翟怀风主编@g李桂芝...[等]编著 |
| 210 | @a南京@c江苏科学技术出版社@d2004.01 | |
| 215 | @a610页@d21cm | |
| 304 | @a本书其他编著者: 吴宪民, 吴慧芳, 季佳 | |
| 330 | @a本书收录了近几年国内外精细化工领域的新产品、新配方、新技术等…… | |
| 606 | 0 | @a精细化工@x化工产品@x配方 |
| 606 | 0 | @a精细化工 |
| 606 | 0 | @a化工产品 |
| 606 | 0 | @a配方 |
| 690 | @aTQ072@v4 | |
| 701 | 0 | @a李东光@Ali dong guang@4主编 |
| 701 | 0 | @a翟怀风@Adi huai feng@4主编 |
| 702 | 0 | @a李桂芝@Ali gui zhi@4编著 |
| 801 | 0 | @aCN@bQSSKt@c20050620 |
| 905 | @a10447@dTQ072@eL1422 | |
| 精细化学品配方.二/李东光, 翟怀风主编/李桂芝...[等]编著.-南京:江苏科学技术出版社,2004.01 |
| 610页;21cm |
| ISBN 7-5345-3891-2:CNY 38.00 |
| 本书收录了近几年国内外精细化工领域的新产品、新配方、新技术等…… |
| ● |
| 相关链接 |
|
|
|
正题名:精细化学品配方
索取号:TQ072/L1422
 
预约/预借
| 序号 | 登录号 | 条形码 | 馆藏地/架位号 | 状态 | 备注 |
| 1 | 425985 | 204259854 | 材料与化工学院资料室/ [索取号:TQ072/L1422] | 在馆 | |
| 2 | 425986 | 204259863 | 期刊室512/501自科库 138排8列4层/ [索取号:TQ072/L1422] | 在馆 | |
| 3 | 535078 | 205350788 | 自科库501/501自科库 138排8列4层/ [索取号:TQ072/L1422] | 在馆 | |
| 4 | 535079 | 205350797 | 自科库501/501自科库 138排8列4层/ [索取号:TQ072/L1422] | 在馆 | |
| 5 | 535080 | 205350804 | 期刊室512/501自科库 138排8列4层/ [索取号:TQ072/L1422] | 在馆 |